Španielsko-slovenský ekonomický slovník

Salvato in:
Dettagli Bibliografici
Autore principale: Pauleová, Milada
Ente Autore: Ekonomická univerzita v Bratislave. Ústav jazykov
Altri autori: Roček, František
Natura: Libro
Lingua:spagnolo
slovacco
Pubblicazione: Bratislava Vydavateľstvo EKONÓM 2003
Soggetti:
Tags: Aggiungi Tag
Nessun Tag, puoi essere il primo ad aggiungerne!!

MARC

LEADER 00000nam a2200000 4500
001 c143235
005 20221108125258.3
020 |a 80-225-1634-1 
041 0 |a spa 
041 0 |a slo 
044 |a SK 
245 1 0 |a Španielsko-slovenský ekonomický slovník  |c Milada Pauleová, František Roček 
264 1 |a Bratislava  |b Vydavateľstvo EKONÓM  |c 2003 
300 |a 327 s. 
610 2 0 |a jazykoveda 
610 2 0 |a terminológia 
610 2 0 |a jazyky cudzie 
610 2 0 |a ekonómia 
100 1 |a Pauleová, Milada 
700 1 |a Roček, František 
710 2 |a Ekonomická univerzita v Bratislave. Ústav jazykov